000 00658nam a22001817a 4500
005 20251108164344.0
008 250721s1996 xx 000 0 ara d
082 1 4 _a693.852/دلي
100 1 _aكوينزبرجر، أ. هـ.
245 1 0 _aالدليل الهندسي في تصميم المساكن و المباني في المناطق المداريه /
264 1 _aعمان :
_bالجامعه الأردنيه - عمادة البحث العلمي،
_c1996.
300 _aج
650 1 7 _aالهندسة المدنية
650 1 7 _aالبناء
700 1 _aحماد، رزق نمر شعبان
_eترجمة
942 _2ddc
_cBK
999 _c10125
_d10125